LEADER 05226nam 22007335 450 001 996465435303316 005 20200703144146.0 010 $a3-319-40250-1 024 7 $a10.1007/978-3-319-40250-5 035 $a(CKB)3890000000007661 035 $a(DE-He213)978-3-319-40250-5 035 $a(MiAaPQ)EBC5591914 035 $a(PPN)194514765 035 $a(EXLCZ)993890000000007661 100 $a20160620d2016 u| 0 101 0 $aeng 135 $aurnn|008mamaa 181 $ctxt$2rdacontent 182 $cc$2rdamedia 183 $acr$2rdacarrier 200 10$aUniversal Access in Human-Computer Interaction. Methods, Techniques, and Best Practices$b[electronic resource] $e10th International Conference, UAHCI 2016, Held as Part of HCI International 2016, Toronto, ON, Canada, July 17-22, 2016, Proceedings, Part I /$fedited by Margherita Antona, Constantine Stephanidis 205 $a1st ed. 2016. 210 1$aCham :$cSpringer International Publishing :$cImprint: Springer,$d2016. 215 $a1 online resource (XXX, 498 p. 145 illus.) 225 1 $aInformation Systems and Applications, incl. Internet/Web, and HCI ;$v9737 311 $a3-319-40249-8 320 $aIncludes bibliographical references and index. 327 $aNovel approaches to accessibility -- Design for all and eInclusion best practices.-Universal access in architecture and product design -- Personal and collective informatics in universal access -- Eye-tracking in universal access -- Multimodal and natural interaction for universal access -- Universal access to mobile interaction -- Virtual reality, 3D and universal access -- Intelligent and assistive environments -- Universal access to education and learning -- Technologies for ASD and cognitive disabilities -- Design for healthy aging and rehabilitation -- Universal access to media and games -- Universal access to mobility and automotive. 330 $aThe three-volume set LNCS 9737-9739 constitutes the refereed proceedings of the 10th International Conference on Universal Access in Human-Computer Interaction, UAHCI 2016, held as part of the 10th International Conference on Human-Computer Interaction, HCII 2016, in Toronto, ON, Canada in July 2016, jointly with 15 other thematically similar conferences. The total of 1287 papers presented at the HCII 2016 conferences were carefully reviewed and selected from 4354 submissions. The papers included in the three UAHCI 2016 volumes address the following major topics: novel approaches to accessibility; design for all and eInclusion best practices; universal access in architecture and product design; personal and collective informatics in universal access; eye-tracking in universal access; multimodal and natural interaction for universal access; universal access to mobile interaction; virtual reality, 3D and universal access; intelligent and assistive environments; universal access to education and learning; technologies for ASD and cognitive disabilities; design for healthy aging and rehabilitation; universal access to media and games; and universal access to mobility and automotive. 410 0$aInformation Systems and Applications, incl. Internet/Web, and HCI ;$v9737 606 $aUser interfaces (Computer systems) 606 $aComputers and civilization 606 $aInformation storage and retrieval 606 $aArtificial intelligence 606 $aApplication software 606 $aSpecial purpose computers 606 $aUser Interfaces and Human Computer Interaction$3https://scigraph.springernature.com/ontologies/product-market-codes/I18067 606 $aComputers and Society$3https://scigraph.springernature.com/ontologies/product-market-codes/I24040 606 $aInformation Storage and Retrieval$3https://scigraph.springernature.com/ontologies/product-market-codes/I18032 606 $aArtificial Intelligence$3https://scigraph.springernature.com/ontologies/product-market-codes/I21000 606 $aComputer Applications$3https://scigraph.springernature.com/ontologies/product-market-codes/I23001 606 $aSpecial Purpose and Application-Based Systems$3https://scigraph.springernature.com/ontologies/product-market-codes/I13030 615 0$aUser interfaces (Computer systems). 615 0$aComputers and civilization. 615 0$aInformation storage and retrieval. 615 0$aArtificial intelligence. 615 0$aApplication software. 615 0$aSpecial purpose computers. 615 14$aUser Interfaces and Human Computer Interaction. 615 24$aComputers and Society. 615 24$aInformation Storage and Retrieval. 615 24$aArtificial Intelligence. 615 24$aComputer Applications. 615 24$aSpecial Purpose and Application-Based Systems. 676 $a025.3177 702 $aAntona$b Margherita$4edt$4http://id.loc.gov/vocabulary/relators/edt 702 $aStephanidis$b Constantine$4edt$4http://id.loc.gov/vocabulary/relators/edt 801 0$bMiAaPQ 801 1$bMiAaPQ 801 2$bMiAaPQ 906 $aBOOK 912 $a996465435303316 996 $aUniversal Access in Human-Computer Interaction. Methods, Techniques, and Best Practices$92808741 997 $aUNISA LEADER 01203nam 2200337z- 450 001 9910689529403321 005 20161209102734.0 035 $a(CKB)5600000000079892 035 $a(BIP)008680034 035 $a(EXLCZ)995600000000079892 100 $a20211123c2002uuuu -u- - 101 0 $aeng 200 14$aThe status of research into vaccine safety and autism $ehearing before the Committee on Government Reform, House of Representatives, One Hundred Seventh Congress, second session, June 19, 2002 215 $a1 online resource (iv, 672 p.) $cill 311 $a0-16-069244-X 517 $aStatus of research into vaccine safety and autism 606 $aAutism in children$xEtiology 606 $aVaccination$xComplications$xResearch$zUnited States 606 $aVaccines$xSafety measures 610 $aAutism 610 $aVaccination 610 $aVaccines 610 $aPsychology 610 $aMedical 615 0$aAutism in children$xEtiology. 615 0$aVaccination$xComplications$xResearch 615 0$aVaccines$xSafety measures. 906 $aBOOK 912 $a9910689529403321 996 $aThe status of research into vaccine safety and autism$93199959 997 $aUNINA LEADER 01131nam a2200301 i 4500 001 991001852979707536 005 20250729142126.0 008 960624s1995 it er 001 e ita 035 $ab10921722-39ule_inst 035 $aLE02371034$9ExL 040 $aDip.to Studi Storici$bita 082 04$a324 082 04$a320.945 100 1 $aBarcellona, Pietro$0119654 245 13$aIl caso italiano :$beconomia globale, crisi sociale, nuova destra /$cPietro Barcellona, Arcangelo Leone De Castris, Mario Proto 260 $aManduria ; Bari :$bLacaita,$c1995 300 $a100 p. ;$c20 cm. 490 0 $aTemi ;$v3 650 4$aPolitica$zItalia$xCrisi$y1994 700 1 $aLeone de Castris, Arcangelo$eauthor$4http://id.loc.gov/vocabulary/relators/aut$0184764 700 1 $aProto, Mario 740 3 $aIl Novecento delle italiane 907 $a.b10921722$b23-02-17$c28-06-02 912 $a991001852979707536 945 $aLE023 324 BAR 1 1$g1$i2023000029930$lle023$o-$pE0.00$q-$rl$s-$t0$u1$v0$w1$x0$y.i11025797$z28-06-02 996 $aCaso italiano$91456349 997 $aUNISALENTO 998 $ale023$b01-01-96$cm$da$e-$fita$git$h3$i1